00426nam a2200157Ia 4500003000400000008004100004040001600045082001300061100002600074245006000100260004200160300001000202650001500212650001900227650002200246GCL140319s9999 xx 000 0 eng d aGCL / cGCL04a843bG M1 aGURES, MARIE - JOSEPH10aLA MAITRESSE DU CONSUL: ROMAN / cGURES, MARIE - JOSEPH a[S.N] : bALBIN MICHEL, S.A ، c1998 a328 P04aLITERATURE04aFRENCH FICTION04aFRENCH LITERATURE